The geography of transport systems / (Record no. 183)

000 -LEADER
fixed length control field 00436 a2200157 4500
008 - FIXED-LENGTH DATA ELEMENTS--GENERAL INFORMATION
fixed length control field 220922b ||||| |||| 00| 0 eng d
020 ## - INTERNATIONAL STANDARD BOOK NUMBER
International Standard Book Number 9781138669574
041 0# - LANGUAGE CODE
Language code of text/sound track or separate title eng
082 00 - DEWEY DECIMAL CLASSIFICATION NUMBER
Classification number 388.01
Item number R6961
100 ## - MAIN ENTRY--PERSONAL NAME
Personal name Jean-Paul, Rodrigue
245 ## - TITLE STATEMENT
Title The geography of transport systems /
260 ## - PUBLICATION, DISTRIBUTION, ETC. (IMPRINT)
Place of publication, distribution, etc New York:
Name of publisher, distributor, etc Routledge,
Date of publication, distribution, etc 2017.
300 ## - PHYSICAL DESCRIPTION
Extent xiv, 439 p.
650 #0 - SUBJECT ADDED ENTRY--TOPICAL TERM
Topical term or geographic name as entry element Transportation Geography
942 ## - ADDED ENTRY ELEMENTS (KOHA)
Source of classification or shelving scheme
Item type Books
Holdings
Withdrawn status Lost status Source of classification or shelving scheme Damaged status Not for loan Permanent location Current location Date acquired Source of acquisition Cost, normal purchase price Total Checkouts Full call number Barcode Date last seen Date last borrowed Cost, replacement price Koha item type Total Renewals
          IMU Kolkata IMU Kolkata 2018-04-23 Apex Book Services 2434.27 1 388.01 R6961 13036 2022-12-06 2022-08-29 3713.05 Books  
          IMU Kolkata IMU Kolkata 2018-04-23 Apex Book Services 2434.27 2 388.01 R6961 13037 2022-12-26 2022-12-14 3713.05 Books 1
          IMU Kolkata IMU Kolkata 2018-04-23 Apex Book Services 2434.27 2 388.01 R6961 13038 2022-12-21 2022-10-27 3713.05 Books 2
          IMU Kolkata IMU Kolkata 2018-04-23 Apex Book Services 2434.27 3 388.01 R6961 13039 2022-12-26 2022-11-09 3713.05 Books 3
Designed and Maintained by IMU-KC Library, Kolkata Campus © Copyright All Rights Reserved

webs counters

Powered by Koha